Tous les sans-coeurs de la série Kingdom Hearts - Statistiques

Statistiques générales
  • Ce quiz a été pris 39 fois
  • Le résultat moyen est 22 sur 401
Statistiques - réponses
Jeux Noms des sans-coeur % Correct
Ombre
89%
Rondouillard
74%
Soldat
74%
Darkside
67%
Darkside Ω
67%
Pirate
48%
Gros Bandit
44%
Bandit
41%
Armure Gardienne
37%
Armure Inversée
37%
Behemoth
37%
Crypto Ombre
37%
Giga Ombre
37%
Invincible
37%
Pirate Volant
37%
KH Ansem
33%
Fantôme
30%
Furtif
30%
Méga Ombre
30%
Vouivre
30%
Bolet XIII
26%
Boule Noire
26%
Défenseur
26%
Maître des Tours
26%
Parasitocage
26%
Soldat Volant
26%
Sorcier
26%
Anti-Sora
22%
Bolet Blanc
22%
Kurt Zisa
22%
Rhapsodie Bleue
22%
Arachnobaril
19%
Blues émeraude
19%
Chauffard
19%
Chevalier Momie
19%
Chimère
19%
KH CoM Crescendo
19%
Nocturne Rouge
19%
Opéra Jaune
19%
Requiem Vert
19%
Scar
19%
Truffe Bleue
19%
Aquatank
15%
Duo Sismique
15%
Etoile Angélique
15%
Fleur de Brume
15%
Fungus Noir
15%
Gargouille
15%
Mille-pots
15%
Nervure
15%
Tirette
15%
Titan
15%
Androïde
11%
Bombarde
11%
Bonbonnier
11%
Bouquiniste
11%
Carapaçon
11%
Cartomancien
11%
Centaurus
11%
Chevalier Gargouille
11%
KH BbS FM Dark Hide
11%
Fleur Bloquante
11%
Fossoyeur
11%
Galion
11%
Guerrier Gargouille
11%
Jazz Pourpre
11%
Lancier
11%
Minute Bombe
11%
Monde Chaotique
11%
Primate Costaud
11%
Pugiliste
11%
Rotor Mou
11%
Roto-tank
11%
Shaman
11%
Spectre Fureteur
11%
Arachnocruche
7%
Aria rayée
7%
Ballade Noire
7%
Baron bleu
7%
Bille réfrigérante
7%
KHR Bug central
7%
Cabot Indigo
7%
Carcasse
7%
Chauve-grappin
7%
Chicotin diabolique
7%
Concerto Rose
7%
Dévastator
7%
Duetto
7%
Electro-tour
7%
Gardien
7%
Globe caniculaire
7%
Grenadier
7%
Hélicopiaf
7%
Marée démoniaque
7%
Marteau-pilon
7%
Membranator
7%
Mono-Magnum
7%
Patrouilleur
7%
Poussah Blizzaro
7%
Poussah Volcano
7%
Primate Chipie
7%
Rôdeur nocturne
7%
Sans-coeur de Sora
7%
Spectre Réversible
7%
Terrasier
7%
Torpilote
7%
KH FM Agaric Rose
4%
KH 0.2 BbS Aquanucléo
4%
Archer
4%
Armure Rouge
4%
Automato-cage
4%
Bag O' Coal
4%
Bag O' Coins
4%
Bag O' Jewels
4%
Bolide fou
4%
KHC Bug danger
4%
Bug métal
4%
Bug prime
4%
Capriccio gris
4%
Darkling
4%
Destructeur
4%
Faux-bloc
4%
Grand Spectre
4%
Guard Armor Ω
4%
Gummi Copter
4%
Gummi Hammer
4%
Iguane d'Ombre
4%
Kamikaze
4%
Maillon Ténébreux
4%
Marteau-piqueur
4%
Nécroparasite
4%
Néon Marin
4%
Néon Marin Géant
4%
Ombre Nova
4%
Plante de Feu
4%
Plante Sinistre
4%
Primate Patrouilleur
4%
Pyronucléo
4%
Scorpiobaril
4%
Sergent
4%
Singe à cymbales
4%
Singe farceur
4%
Soldat furtif
4%
Tour démoniaque
4%
Trickmaster Ω
4%
Venomous Spider
4%
Volatile
4%
Volatile d'Argile
4%
KH2 Adamant
0%
KH uχ Adventurer
0%
KH 358/2 D Aéronaute
0%
KH Uχ Amber Opera
0%
Apricot Opera
0%
KH2 FM Archimage
0%
Armed Warrior
0%
Armée furtive
0%
KH χ Armored Archer
0%
Armure d'Argile
0%
Armure Mécanique
0%
Armure Solide
0%
Armure Terrestre
0%
Assassin cruel
0%
Assault Dragon
0%
Avalanche
0%
Bag O' Gifts
0%
Ballon jet
0%
Behemoth Destructeur
0%
Behemoth Inférieur
0%
Bitter Macaron
0%
Black Ghost
0%
Bombe Bourrasque
0%
Bombe Glaciale
0%
Brick Hammer Frame
0%
Bunch O' Balloons
0%
Burrfish
0%
Cabot Agressif
0%
Cabot Mordant
0%
Candy Apple
0%
Cannon Ball
0%
Cannoned Camel
0%
Canon géant
0%
Canon glacial
0%
Champion
0%
Chipper Chef
0%
Chocolate Gargoyle
0%
Chomper Egg
0%
Circus Balloon
0%
Circus Clown
0%
Circus Crab
0%
Climeterriste
0%
Closehanded Captain
0%
Cloudy Sunrise
0%
Combattant aérien
0%
Commandeur
0%
Copter Fleet
0%
Craby Cake
0%
Creeper Bouquet
0%
Cristal des Neiges
0%
Crochiroptère
0%
Cyclone
0%
Dark Plant
0%
Dark Score Bag
0%
Dark Wisp
0%
Déserteur
0%
Détonateur
0%
Diver
0%
Double Lames
0%
Dragonfly
0%
Driller
0%
Dual Durandal
0%
Eggcognito
0%
Egg Master
0%
Egg Steamer
0%
Elégie Bleue
0%
Eliminator
0%
Emerald
0%
Enraged Arachnid
0%
Enraged Elk
0%
Escapade Egg
0%
Eventreur glacé
0%
Fantôme Porteur
0%
Fantôme Traqueur
0%
Fantôme vice-versa
0%
Farceur Rouge
0%
Ferocious Fins
0%
Ferry Reaper
0%
Festif Fireworks
0%
Final Hunter
0%
Flag Bug
0%
Flag Bug Fleet
0%
Fleur de Brume géante
0%
Flower Rider
0%
Flutterings
0%
Fortress Crab
0%
Fortress Crab Ω
0%
Fourmilion
0%
Gaer Golem
0%
Gargoyle Wizard
0%
Gearbit
0%
Ghost
0%
Gift Shadow
0%
Gilled Glider
0%
Golden Hook Bat
0%
Gold Hammer Frame
0%
Grande Armure
0%
Great Pretender
0%
Greedy Grouch
0%
Growth Egg
0%
Gummi Hound
0%
Gummi Saucer
0%
Heartless Tsum
0%
High Wizard
0%
Hocus Pocus
0%
Holiday Sleigh
0%
Huge Fireworks
0%
Huge Shenaneggan
0%
Huge Snowman
0%
Huge Watermelon
0%
Hunter
0%
Hunter Bomb
0%
Icy Beast
0%
Iron Giant
0%
Jack in the Box
0%
Jack O' Lantern
0%
Jewel Princess
0%
Jewel Sorceress
0%
Joy Rider
0%
King Pretender
0%
Knight
0%
Lame Loyale
0%
Lance d'éclairs
0%
Lanceur spatial
0%
Large Fireworks
0%
Large Rice Cake
0%
Large Snowman
0%
Large Watermelon
0%
Lézard Sinistre
0%
Lézard Voilé
0%
Lion Dancer
0%
Lion Headliner
0%
Loudmouth Parade
0%
Lutteur célest
0%
Maître aérien
0%
Maître Défenseur
0%
Malicious Spider
0%
Marche Turquoise
0%
Martial Monkey
0%
Mean Maiden
0%
Merry-Go-Rowdy
0%
Metal Giant
0%
Métal Turquoise
0%
Mighty Macaron
0%
Missile plongeant
0%
Mortier
0%
Moteur Infernale
0%
Munny Egg
0%
Mysterious Sir
0%
Nacelle vivante
0%
Nécromancien
0%
Nimble Bee
0%
Noctule
0%
Nosy Mole
0%
Note Flamboyante
0%
Orcus
0%
Paralysis Archer
0%
Pester Jester
0%
Piercing
0%
Pink Possessor
0%
Piquier
0%
Pirate Ship
0%
Plante de Glace
0%
Plantre Venimeuse
0%
Pleasure Dog
0%
Poison Apple
0%
Poison Archer
0%
Poison Pot
0%
Polliwog
0%
Possessors
0%
Prank Bouquet
0%
Pretender
0%
Prize Egg
0%
Pumpkin Soldier
0%
Queen Bee
0%
Queen Bee Ω
0%
Raging Reindeer
0%
Rainy Loudmouth
0%
Rampant à pics
0%
Ramuh
0%
Ratty Rat
0%
Ratty Rat Trio
0%
Red Bandit
0%
Red Rose
0%
Régent des cieux
0%
Reversed Defender
0%
Ribbitoad
0%
Ring-A-Ding
0%
Ringmaster
0%
Rodeo Rider
0%
Round Rice Cake
0%
Royal Pretender
0%
Rush Sheep
0%
Sabre Enflammé
0%
Savage Spider
0%
Scourge Spider
0%
Sérénade émeraude
0%
Shadow Magician
0%
Shadow Witch
0%
Shenaneggan
0%
Shipwreck Shark
0%
Shiva
0%
Silver Hammer Frame
0%
Sinister Sweets
0%
Sleep Archer
0%
Sleepy Snoozer
0%
Sly Cat
0%
Sonata
0%
Sora Ténébreux
0%
Sparkler
0%
Sphère brûlante
0%
Spiteful Sweets
0%
Stinging Bee
0%
Strange Tree
0%
Submarine
0%
Submarine Carp
0%
Survolté
0%
Swaying Spook
0%
Swordsman
0%
Tango écarlate
0%
Tempobulle
0%
Tentacule
0%
Terranucléo
0%
Terrible Tomte
0%
Thorned Snake
0%
Tiny Bomber R
0%
Tirette Rare
0%
Tricholome d'Or
0%
Trident Tail
0%
Trident Tail Ω
0%
Tsunami
0%
Upright Defender
0%
Ver rampant
0%
Viking Volant
0%
Violet Waltz
0%
Volatile fantôme
0%
Wandering Spook
0%
Warlock Step
0%
Wayward Wardrobe
0%
Weapon Master
0%
Werewolf
0%
White Chocolate Statue
0%
White Rose
0%
Wibble Wobble
0%
Wicked Spider
0%
Wicked Wick
0%
Wicked Wtermelon
0%
Wild Shaman
0%
Wily Bandit
0%
Wily Cat
0%
Wind-Up Leaf Cake
0%
Wretched Witch
0%
Aucun quiz correspondant
Distribution des résultats
% des personnes avec chaque résultat
Percentile par nombre de réponses
Votre historique - résultats
Vous n’avez pas pris ce quiz